La ideología
Shranjeno v:
| Glavni avtor: | |
|---|---|
| Format: | Knjiga |
| Jezik: | španščina |
| Izdano: |
Ciudad de México
Fondo de Cultura Económica
1983
|
| Serija: | Breviarios
|
| Teme: | |
| Oznake: |
Označite
Brez oznak, prvi označite!
|
MARC
| LEADER | 00000nam a2200000 a 4500 | ||
|---|---|---|---|
| 001 | UCP5928 | ||
| 003 | CL-VaPUC | ||
| 005 | 20241212091158.0 | ||
| 008 | 991001e19830000MX |||||||||||||||||spa|d | ||
| 999 | |c 283565 |d 283563 | ||
| 040 | |c Pontificia Universidad Católica de Valparaíso | ||
| 082 | 0 | 4 | |a 140 |b PLA |2 21 |
| 100 | 0 | |a Plamenatz, John |e author |9 434590 | |
| 245 | 1 | 3 | |a La ideología |
| 260 | |a Ciudad de México |b Fondo de Cultura Económica |c 1983 | ||
| 300 | |a 232 p | ||
| 490 | 0 | |a Breviarios | |
| 583 | |a last modification |c 19991001 00:00:00 |k Rodrigo Vera | ||
| 600 | 0 | |a Hegel, Georg Wilhelm Friedrich |d 1770-1831 |9 860268 | |
| 600 | 0 | |a Kant, Immanuel, |d 1724-1804 |9 858687 | |
| 600 | 0 | |a Marx, Karl Heinrich, |d 1818-1883 |9 861123 | |
| 650 | 0 | |a Ideología |9 255854 | |
| 650 | 0 | |a Filosofía alemana |9 265002 | |
| 650 | 7 | |a MARXISMO |2 CL-VaPUC |9 434591 | |
| 650 | 7 | |a CONCIENCIA DE CLASE |2 CL-VaPUC |9 339538 | |
| 650 | 0 | |a Ideologías políticas |9 255735 | |
| 942 | |c BK |2 ddc | ||
| 945 | |d 19991001 00:00:00 |a crobeson | ||
| 952 | |0 0 |1 0 |4 0 |6 140_000000000000000_PLA_1983 |7 0 |8 A |9 326829 |a BIBHIS |b BIBHIS |d 2019-11-20 |i 135809K |o 140 PLA 1983 |p 135809K |r 2025-01-20 |w 2019-11-20 |y BK |k HIS | ||
| 952 | |0 0 |1 0 |4 0 |6 140_000000000000000_PLA_1983 |7 0 |8 A |9 326830 |a BIBHIS |b BIBHIS |d 2019-11-20 |i 1358103 |l 2 |o 140 PLA 1983 |p 1358103 |r 2025-01-20 |s 2023-03-22 |w 2019-11-20 |y BK |k HIS | ||